Mantic dreams in the ancient Near East

Bibliographic Details
Published in:The dream and human societies, ed. by G.E. von Grunebaum and Roger Caillois, Berkeley, 1966, p. 341-350
Main Author: Oppenheim, A. Leo
Content type: Article
Source:MPIPL_cat

MARC

LEADER 00000naa a2200000 u 4500
001 PL000147784
003 PLI01000000000000000145157
005 00000000000000.0
007 tu|||||||||||||||||||||
008 t r ||| eng
041 0 7 |a eng  |2 ISO 639-2 
100 1 |a Oppenheim, A. Leo 
245 0 0 |a Mantic dreams in the ancient Near East  |c A. Leo Oppenheim 
773 0 8 |t The dream and human societies  |a ed. by G.E. von Grunebaum and Roger Caillois  |d Berkeley, 1966  |g p. 341-350  |w MPIPL_cat.PL000147663  |i In: 
952 |j 1966  |h p. 341-350 
996 |a Aufsatz 
996 |a Aufsatz 
997 |a book chapter